000 00442nam a22001817a 4500
005 20180710105224.0
008 160530b xxu||||| |||| 00| 0 eng d
020 _a978-81-203-2046-2
041 _aeng
082 _b6075
_a658.15
100 _aVan Horne, James C.
_9411
245 _aFinancial Management & Policy
250 _a12th ed.
260 _aNew Delhi
_bPHI,
_c2008
300 _a795p,
650 _aManagement
_9241
942 _cBK
999 _c2169
_d2168